00470nam a2200181Ia 4500003000400000005001700004008004100021020001500062040001600077082001500093100001500108245005300123260003500176300002100211650001100232650001600243650002900259GCL20240530094808.0140319s9999 xx 000 0 eng d a8880954652 aGCL / cGCL04a797.2bW S1 aWHITE STAR10aSHARM EL - SHEIKH : bDIVING GUIDE \cWHITE STAR a[S.N] : bWHITE STAR ، c1999 a28 CM ؛ c167 P04aDIVING04aDEEP DIVING04aDIVING - SHARM EL-SHEIKH